000 00193nam a2200085Ia 4500
008 120527s9999 xx 000 0 und d
100 _aBilodeau, A.
245 _aAcquisition of skill
942 _cBK
999 _c27767
_d27767